000 00820nam a22002057a 4500
005 20250929144906.0
010 _aB-777430-450 20BACCHEN25
020 _c499.00
_a9789357313063
035 _aB-777430-450
037 _bAakar Books
082 _21
_aS
100 _aMala Kumar
_985266
245 _aTravelling Treasures:
_b100 Incredible Tales of How Things Came to India/
_cby Mala Kumar
250 _a1
260 _c2024
_aGurugram
_bHachette Book Publishing Pvt Ltd
270 _a4th & 5th Floors, Corporate Centre, Plot No. 94, Sector 44
_bGurugram
_e122003
300 _a238p.
_c20cm.(pb)
942 _2ddc
_cCH
_e1
_hS
_mMAL
999 _c209703
_d209703